| 000 | 01159nam a2200217Ia 4500 | ||
|---|---|---|---|
| 003 | Ost | ||
| 005 | 20260507074911.0 | ||
| 008 | 260507s9999||||xx |||||||||||||| ||und|| | ||
| 020 | _a1195419977 | ||
| 040 | _cfsecg | ||
| 041 | _aara | ||
| 082 | _a330 | ||
| 100 |
_aنوار، محمد _eمؤلف |
||
| 245 | 0 |
_aأثر العولمة في حياتنا : _bآراء نخبة من كبار المثقفين / _c محمد نوار |
|
| 260 |
_aالقاهرة: _bالهيئة المصرية العامة للكتاب, _c2006 |
||
| 300 |
_a151 صفحة؛ _bإيضاحات ؛ _c24 سم |
||
| 520 | _aكلمة العولمة مضللة، إزدواجية المعايير وحق التدخل لأسباب انسانية، أحد مظاهر العولمة، الرأسمالية هي نفي الثقافة، تنمية التعليم ضرورة لمواجهة العولمة، العولمة لن تستطيع الغاء تمييز الثقافات، العولمة تصارع ولا تقبل المنافسة، الفن التشكيلي المصري يتحدى العولمة | ||
| 653 | _aالرأسمالية | ||
| 653 | _aالعولمة | ||
| 942 | _cكتاب | ||
| 999 |
_c41741 _d41741 |
||